• 首页
  • 本馆介绍
  • 公告通知
  • 最新文献
  • 馆藏检索
  • 电子资源
  • 读者导购
  • 参考咨询
  • 我的图书馆
  • 登录
  • 详细信息显示
  • 放入我的书架
  • 预约/预借图书
  • 作者相关作品
  • 分类相关作品
  • 丛书相关作品
  • 出版社相关作品

书目信息

  • 表格格式
  • 工作单格式
  • 卡片格式
题名:
科技人才修养十二讲
    
 
作者: 姚炎祥 著
分册:  
出版信息: 北京   红旗出版社  1984
页数: 323页
开本: 19cm
丛书名:
单 册:
中图分类: G316
科图分类:
主题词: 科学研究--工作
电子资源:
ISBN:
000 00584nam0 2200217 45
001 0184000121
005 20061025164907.85
010    @dCNY0.90
091    @a3160.029
100    @a19960327d1984 em y0chiy0121 ea
101 0  @achi
102    @aCN@b110000
105    @ay z 000yy
200 10 @a科技人才修养十二讲@Ake ji ren cai xiu yang shi er jiang@f姚炎祥等著@FYao Yan Xiang Deng Zhu
210    @a北京@c红旗出版社@d1984
215    @a323页@d19cm
606 0  @a科学研究@x工作
690    @aG316@v3
701  0 @a姚炎祥@4著
801  0 @aCN@bNLC@c20061025
905    @dG316@e3@f1@b111744
    
    科技人才修养十二讲/姚炎祥等著.-北京:红旗出版社,1984
    323页;19cm
    
    
    ISBN :CNY0.90
    
●
相关链接 在E读中查询图书 在五车中查询图书 在当当中查询图书 在豆瓣中查询图书


正题名:科技人才修养十二讲     索取号:G316/3         预约/预借

序号 登录号 条形码 馆藏地/架位号 状态 备注
1 0111742   001023305   密集书库/ [索取号:G316/3] 在馆    
2 0111743   001023323   密集书库/ [索取号:G316/3] 在馆    
3 0111744   001023314   第一样本阅览室/ [索取号:G316/3] 在馆    
4 0171118   000986035   密集书库/ [索取号:G316/3] 在馆    
5 0171119   000986044   密集书库/ [索取号:G316/3] 在馆    
6 0171120   000985973   密集书库/ [索取号:G316/3] 在馆    
唐山师范学院图书馆 欢迎您!
大连网信软件有限公司© 版权所有